00346nam a2200133 a 45000010010000000030011000100080041000210350026000620820017000881000026001052450032001312600039001636500010002020000-8991ELIB.Books110520 1947  a(ELIB.Books)0000-9140 a808.82 bBro aBrown, Thelma Sharman aTreasury of Religious Plays bNew York: Association Press c1947 aDrama